000 00640nam a2200277Ia 4500
005 20260121124422.0
008 008 260114s9999 xx 000 0 eng d
020 _a9780231558761
037 _aEBOOK
040 _aCRL
040 _beng
040 _cCRL
041 _2eng
041 _aeng
084 _qCRL
100 _aHalpern, Richard
_9975678
245 0 _aLeibnizing
260 _bWalter de Gruyter
260 _bWalter de Gruyter
260 _c2023
650 _aPhilosophy
_9975679
856 _uhttp://www.degruyter.com/isbn/9780231558761
942 _cEBOOK
999 _c1554456
_d1554456